Statistics for Trabzonspor Top Scorers

Click here to take the quiz!

General Stats

  • This quiz has been taken 31 times
  • The average score is 13 of 25

Answer Stats

NoGoalsAnswer% Correct
1264Hami Mandıralı
92%
1533Alexander Sorloth
83%
1047Anthony Nwakaeme
83%
486Burak Yılmaz
83%
2104Fatih Tekke
83%
1337İbrahima Yattara
83%
2525Abdulkadir Ömür
71%
580Gökdeniz Karadeniz
71%
387Umut Bulut
71%
2029Anastasios Bakasetas
67%
2327Yusuf Yazıcı
67%
2228Oscar Cardozo
58%
1435Hugo Rodallega
54%
679Shota Arveladze
54%
1139Mehmet Yılmaz
42%
952Ünal Karaman
42%
1929Caleb Ekuban
38%
874Orhan Çıkırıkçı
21%
1829Orhan Kaynak
21%
774Hamdi Aslan
17%
1238Ogün Temizkanoğlu
17%
1730Olcan Adın
17%
2427Soner Boz
13%
1633Davor Vugrinec
8%
2129Paulo Henrique
8%

Score Distribution

Percentile by Number Answered

Percent of People with Each Score

Your Score History

You have not taken this quiz